Neurophysiologie - Statistiken

Allgemein
  • Dieses Quiz wurde 5 mal gespielt
  • Das Durchschnittsergebnis liegt bei 4 aus 24
Antwortstatistiken
Antwort Hint % Korrekt
Synapse überträgt elektrische Signale mittels chemischer Signale auf postsynaptische Zellen
100%
Astrozyten wichtiger Typ von Gliazellen
33%
Axon Weiterleitung von Signalen
33%
Axonhügel Umwandlung analoger in elektrische Signale
33%
Dendriten Zellkontakt und Übertragung von Signalen anderer Zellen
33%
Divergenz Auseinanderführen von neuronalen Signalen eines Neurons auf mehrere
33%
Konvergenz Zusammenführen von neuronalen Signalen mehrerer Neurone auf ein Neuron
33%
Myelinscheide Isolation des Axons zur schnelleren Signalweiterleitung
33%
Oligodendrozyten wichtiger Typ von Gliazellen
33%
Schwann’sche Zellen wichtiger Typ von Gliazellen
33%
400 mm/Tag Maximalgeschwindigkeit des schnellen anterograden Transports kleiner vesikulärer Organellen
0%
Acetylcholin postganglionärer Neurotransmitter des Parasympathikus
0%
adrenerg Transmittertyp der in die Peripherie ziehenden sympathischen Neurone
0%
Blut-Hirn-Schranke Funktion der Astrozyten
0%
Dynein Motorprotein des schnellen retrograden Axontransports
0%
Kinesin Motorprotein des schnellen anterograden Axontransports
0%
laterale Neurone des Rückenmarkes Lage der Somata der in die Peripherie ziehenden sympathischen Neurone
0%
Muskelspindeln erfassen den Dehnungszustand von Muskeln
0%
Myelinscheiden im PNS Funktion der Schwann’schen Zellen
0%
Myelinscheiden im ZNS Funktion der Oligodendrozyten
0%
Noradrenalin postganglionärer Neurotransmitter des Sympathikus
0%
Reflex gesetzmäßig wiederkehrende und unter Beteiligung des Nervensystems erfolgende Beantwortung bestimmter Reize
0%
Soma Bildung von für die Funktion wichtigen Substanzen
0%
Vagusnerv parasympathische Anteile kommunizieren über ihn mit dem ZNS
0%
Keine übereinstimmenden Quizze gefunden
Verteilung der Resultate
Anzahl Personen mit jedem Resultat
Perzentil nach korrekt beantworteten Fragen
Ihre Resultats-Entwicklung
Sie haben dieses Quiz noch nicht gespielt